| 000 | 00510 a2200229 4500 | ||
|---|---|---|---|
| 260 | _aParis | ||
| 630 | _a17 - Morale. Ethique. Philosophie pratique | ||
| 037 | _b1, BU | ||
| 650 | _a1 - PHILOSOPHIE ET PSYCHOLOGIE | ||
| 100 | _aBenichou, Paul | ||
| 260 | _bGallimard | ||
| 245 | _aMorales du grand siècle | ||
| 300 | _a227p. | ||
| 650 | _amorale | ||
| 260 | _c1963 | ||
| 300 | _b23cm. | ||
| 100 | _lFr | ||
| 440 | _aBibliotrhèque des idées | ||
| 037 | _a29970 | ||
| 999 |
_c39599 _d39599 |
||